|
|
|
|
| LEADER |
00604nam a22001817a 4500 |
| 005 |
20151217143847.0 |
| 008 |
100311t xxu||||| |||| 00| 0 eng d |
| 080 |
|
|
|a 621.746
|b HEI
|
| 100 |
|
|
|a Heine, Richard W
|9 10113
|
| 245 |
|
|
|a Principles of metal casting
|
| 260 |
|
|
|a New York
|b Mc Graw - Hill
|c 1967
|
| 300 |
|
|
|a 736p.
|
| 653 |
|
|
|a Metal casting
|
| 700 |
|
|
|a Loper, Carl R
|9 10114
|
| 700 |
|
|
|a Rosenthal, Philip C
|9 10115
|
| 942 |
|
|
|c BK
|6 _
|
| 999 |
|
|
|c 142558
|d 142558
|
| 952 |
|
|
|0 0
|1 0
|2 ddc
|4 0
|6 621746_HEI
|7 0
|9 181198
|a DST
|b DST
|d 2010-03-11
|o 621.746 HEI
|p DST00411
|r 2013-06-19
|w 2013-06-19
|y BK
|